000 00422pab a2200157 454500
008 180718b2009 xxu||||| |||| 00| 0 eng d
100 _aSaurabh Kumar
245 _aRural industrialisation as the `Mahayana' of International cooperation: a world waiting to be born
260 _c2009
300 _ap.75-77.
362 _a26 Dec
650 _aRural development
773 _aMainstream
908 _aN
909 _a85252
999 _c85252
_d85252